Heritage transformations in virtual space
Saved in:
| Main Authors: | , |
|---|---|
| Format: | Chapter/Article Conference Paper |
| Language: | English |
| Published: |
2024
|
| In: |
Digitising heritage
Year: 2024, Pages: 1-17 |
| Online Access: |
|
| Author Notes: | Carsten Wergin with Stefanie Affeldt |
MARC
| LEADER | 00000caa a22000002c 4500 | ||
|---|---|---|---|
| 001 | 1925721450 | ||
| 003 | DE-627 | ||
| 005 | 20250717013936.0 | ||
| 007 | tu | ||
| 008 | 250515s2024 xx ||||| 00| ||eng c | ||
| 035 | |a (DE-627)1925721450 | ||
| 035 | |a (DE-599)KXP1925721450 | ||
| 035 | |a (OCoLC)1528045410 | ||
| 040 | |a DE-627 |b ger |c DE-627 |e rda | ||
| 041 | |a eng | ||
| 084 | |a 25 |2 sdnb | ||
| 100 | 1 | |a Wergin, Carsten |d 1976- |e VerfasserIn |0 (DE-588)141364084 |0 (DE-627)62728020X |0 (DE-576)323517544 |4 aut | |
| 245 | 1 | 0 | |a Heritage transformations in virtual space |c Carsten Wergin with Stefanie Affeldt |
| 264 | 1 | |c 2024 | |
| 300 | |a 17 | ||
| 336 | |a Text |b txt |2 rdacontent | ||
| 337 | |a ohne Hilfsmittel zu benutzen |b n |2 rdamedia | ||
| 338 | |a Band |b nc |2 rdacarrier | ||
| 700 | 1 | |a Affeldt, Stefanie |e VerfasserIn |0 (DE-588)1241978212 |0 (DE-627)1771834935 |4 aut | |
| 773 | 0 | 8 | |i Enthalten in |t Digitising heritage |d Heidelberg : Heidelberg University Publishing, 2024 |g (2024), Seite 1-17 |h 199 Seiten |w (DE-627)1898700478 |z 9783968222240 |7 nnam |a Heritage transformations in virtual space |
| 773 | 1 | 8 | |g year:2024 |g pages:1-17 |g extent:17 |a Heritage transformations in virtual space |
| 776 | 0 | 8 | |i Erscheint auch als |n Online-Ausgabe |a Wergin, Carsten, 1976 - |t Heritage transformations in virtual space |d 2024 |w (DE-627)1905113129 |
| 951 | |a AR | ||
| 992 | |a 20250515 | ||
| 993 | |a ConferencePaper | ||
| 998 | |g 141364084 |a Wergin, Carsten |m 141364084:Wergin, Carsten |d 700000 |d 728300 |e 700000PW141364084 |e 728300PW141364084 |k 0/700000/ |k 1/700000/728300/ |p 1 |x j | ||
| 999 | |a KXP-PPN1925721450 |e 4724677031 | ||
| BIB | |a Y | ||
| JSO | |a {"id":{"eki":["1925721450"]},"person":[{"display":"Wergin, Carsten","given":"Carsten","role":"aut","family":"Wergin"},{"given":"Stefanie","display":"Affeldt, Stefanie","role":"aut","family":"Affeldt"}],"name":{"displayForm":["Carsten Wergin with Stefanie Affeldt"]},"language":["eng"],"origin":[{"dateIssuedDisp":"2024","dateIssuedKey":"2024"}],"title":[{"title_sort":"Heritage transformations in virtual space","title":"Heritage transformations in virtual space"}],"relHost":[{"person":[{"family":"Wergin","role":"edt","given":"Carsten","display":"Wergin, Carsten"},{"family":"Affeldt","role":"edt","display":"Affeldt, Stefanie","given":"Stefanie"}],"name":{"displayForm":["edited by Carsten Wergin and Stefanie Affeldt"]},"language":["eng"],"part":{"text":"(2024), Seite 1-17","extent":"17","pages":"1-17","year":"2024"},"disp":"Heritage transformations in virtual spaceDigitising heritage","origin":[{"dateIssuedKey":"2024","dateIssuedDisp":"2024","publisher":"Heidelberg University Publishing","publisherPlace":"Heidelberg"}],"title":[{"title_sort":"Digitising heritage","subtitle":"transoceanic connections between Australia and Europe","title":"Digitising heritage"}],"id":{"isbn":["9783968222240"],"eki":["1898700478"]},"type":{"bibl":"edited-book"},"physDesc":[{"noteFormat":"25.4 cm x 17.7 cm","noteIll":"Illustrationen, Diagramme","extent":"199 Seiten"}],"relMultPart":[{"origin":[{"publisherPlace":"[Heidelberg]","publisher":"Heidelberg University Publishing","dateIssuedDisp":"[2021]-"}],"title":[{"subtitle":" = Cultural heritage: materiality - text - edition","title_sort":"Kulturelles Erbe: Materialität - Text - Edition","title":"Kulturelles Erbe: Materialität - Text - Edition"}],"id":{"issn":["2749-3016"],"zdb":["3077398-2"],"eki":["1764224310"]},"type":{"bibl":"serial"},"titleTranslated":[{"translated":"Cultural heritage: materiality - text - edition"}],"physDesc":[{"extent":"Bände","noteFormat":"26-27 cm"}],"pubHistory":["1-"],"recId":"1764224310","person":[{"role":"oth","family":"Witschel","display":"Witschel, Christian","given":"Christian"}],"language":["ger","mul"],"titleAlt":[{"title":"KEMTE"}],"part":{"number_sort":["4"],"number":["4"]},"disp":"Kulturelles Erbe: Materialität - Text - Edition","dispAlt":"Kulturelles Erbe: Materialität - Text - Edition"}],"recId":"1898700478"}],"recId":"1925721450","type":{"bibl":"chapter"},"physDesc":[{"extent":"17 S."}]} | ||
| SRT | |a WERGINCARSHERITAGETR2024 | ||